=LDR 00000nam 2200000 4500 =001 INLIS000000000036452 =005 20130612142235 =008 ***********************************Ind** =035 ##$$0010-061300000036452 =041 ##$$a Ind =082 ##$$a 658.81 =090 ##$$a 658.81, War r =100 ##$$a Wardana, Fikri C =245 ##$$a Rahasia sukses sales supervisor handal, oleh Fikri C Wardana =260 ##$$a 2009 $b Jakarta =300 ##$$a xvii, 130 hlm, 21 cm =650 ##$$a Pemasaran manajemen =850 ##$$a NBPNMAT =990 ##$$a 2090100852/BPAP-NTB/2015